[Event "Las Palmas op"]
[Site "Las Palmas"]
[Date "2005.12.02"]
[Round "9"]
[White "Balcerak, Philipp"]
[Black "Todorcevic, Miodrag"]
[Result "1/2-1/2"]
[WhiteElo "2231"]
[BlackElo "2463"]
[PlyCount "62"]
[EventDate "2005.11.25"]
[EventType "swiss"]
[EventRounds "9"]
[EventCountry "ESP"]
[SourceTitle "CBM 109 Extra"]
[Source "ChessBase"]
[SourceDate "2006.01.03"]
[SourceVersion "2"]
[SourceVersionDate "2006.01.03"]
[SourceQuality "1"]

1. e4 g6 2. d4 Bg7 3. Nc3 d6 4. f4 a6 5. Nf3 b5 6. Bd3 Bb7 7. e5 e6 8. a4 b4 9. Ne4 Bxe4 10. Bxe4 d5 11. Bd3 Ne7 12. 0-0 c5 13. dxc5 Nd7 14. Be3 Qc7 15. Qd2 Nc6 16. c3 b3 17. Qe2 Qb7 18. Nd4 Nxc5 19. Nxc6 Qxc6 20. Bb5 axb5 21. axb5 Qc8 22. Rxa8 Qxa8 23. Bxc5 Kd7 24. f5 exf5 25. Bd4 Re8 26. b6 Bf8 27. g4 Qc6 28. Ra1 Bc5 29. Ra7+ Ke6 30. Qe3 Bxd4 31. cxd4 Qc2 1/2-1/2

[Event "Las Palmas op"]
[Site "Las Palmas"]
[Date "2005.12.01"]
[Round "8.11"]
[White "Marinelli, Tullio"]
[Black "Todorcevic, Miodrag"]
[Result "1/2-1/2"]
[WhiteElo "2391"]
[BlackElo "2463"]
[PlyCount "84"]
[EventDate "2005.11.25"]
[EventType "swiss"]
[EventRounds "9"]
[EventCountry "ESP"]
[SourceTitle "CBM 109 Extra"]
[Source "ChessBase"]
[SourceDate "2006.01.03"]
[SourceVersion "2"]
[SourceVersionDate "2006.01.03"]
[SourceQuality "1"]

1. d4 g6 2. c4 Bg7 3. Nc3 d6 4. e4 Nd7 5. Be3 e5 6. d5 Ne7 7. Bd3 Nc5 8. Bc2 f5 9. f3 0-0 10. b4 Nd7 11. Nh3 fxe4 12. fxe4 Nf6 13. Nf2 Nh5 14. g3 Kh8 15. 0-0 Ng8 16. Qd2 Bd7 17. c5 Rf7 18. Bb3 b6 19. a4 bxc5 20. bxc5 a6 21. c6 Bc8 22. Bc4 Qf8 23. Nd3 Rxf1+ 24. Rxf1 Nhf6 25. Nf2 Qe8 26. Rb1 Qf8 27. Bf1 h5 28. Bh3 Bxh3 29. Nxh3 Ng4 30. Kg2 Rb8 31. Rxb8 Qxb8 32. Bg5 Qb4 33. Nf2 Nxf2 34. Kxf2 Kh7 35. Ke2 Nf6 36. Bxf6 Bxf6 37. Kd3 Qd4+ 38. Kc2 Qg1 39. Kb2 Bg7 40. Qe2 Qb6+ 41. Kc2 Bh6 42. h4 Kg7 1/2-1/2

[Event "Las Palmas op"]
[Site "Las Palmas"]
[Date "2005.11.30"]
[Round "7.16"]
[White "Todorcevic, Miodrag"]
[Black "Vega Gutierrez, Sabrina Neide"]
[Result "1-0"]
[WhiteElo "2463"]
[BlackElo "2205"]
[PlyCount "73"]
[EventDate "2005.11.25"]
[EventType "swiss"]
[EventRounds "9"]
[EventCountry "ESP"]
[SourceTitle "CBM 109 Extra"]
[Source "ChessBase"]
[SourceDate "2006.01.03"]
[SourceVersion "2"]
[SourceVersionDate "2006.01.03"]
[SourceQuality "1"]

1. d4 d5 2. Nf3 c6 3. Nbd2 Nf6 4. c4 e6 5. g3 Be7 6. Bg2 0-0 7. 0-0 Nbd7 8. b3 b6 9. Bb2 Bb7 10. Qc2 Rc8 11. Rad1 Qc7 12. Qb1 Qb8 13. Rfe1 Rfe8 14. a3 c5 15. cxd5 Bxd5 16. e4 Bb7 17. Nc4 Qa8 18. Nfd2 Red8 19. d5 exd5 20. exd5 Bxd5 21. Bh3 Bf8 22. Ne3 Be6 23. Bxe6 fxe6 24. Ng2 Qc6 25. Nf4 e5 26. Ng2 b5 27. Ne3 e4 28. Ng2 Re8 29. Qc2 Bd6 30. Bxf6 Nxf6 31. Re2 Qa6 32. Nxe4 Nxe4 33. Rxe4 Qc6 34. Rh4 h6 35. Rxh6 Rcd8 36. Qh7+ Kf8 37. Rg6 1-0

[Event "Las Palmas op"]
[Site "Las Palmas"]
[Date "2005.11.27"]
[Round "4.8"]
[White "Bellia, Fabrizio"]
[Black "Todorcevic, Miodrag"]
[Result "1-0"]
[WhiteElo "2390"]
[BlackElo "2463"]
[PlyCount "79"]
[EventDate "2005.11.25"]
[EventType "swiss"]
[EventRounds "9"]
[EventCountry "ESP"]
[SourceTitle "CBM 109 Extra"]
[Source "ChessBase"]
[SourceDate "2006.01.03"]
[SourceVersion "2"]
[SourceVersionDate "2006.01.03"]
[SourceQuality "1"]

1. e4 g6 2. d4 Bg7 3. Nc3 d6 4. f4 Nf6 5. Nf3 0-0 6. Bd3 Na6 7. 0-0 c5 8. d5 Bg4 9. Bc4 Nc7 10. h3 Bxf3 11. Qxf3 a6 12. a4 Rb8 13. a5 b5 14. axb6 Rxb6 15. Qd3 Nd7 16. Ra2 Rb4 17. Nd1 Nb6 18. c3 Rxc4 19. b3 Rxe4 20. Qxe4 Nbxd5 21. c4 Nf6 22. Qd3 e6 23. Be3 Qe7 24. Nf2 d5 25. Ra5 d4 26. Bc1 Nd7 27. Qf3 e5 28. Qc6 Ne6 29. Nd3 Nb8 30. Qf3 Qc7 31. Ra2 a5 32. fxe5 Nc6 33. Bd2 Nb4 34. Bxb4 axb4 35. Ra8 Bh6 36. Rxf8+ Bxf8 37. Ra1 Be7 38. Qa8+ Kg7 39. Ra7 Qd8 40. Qb7 1-0